000 00491nam a2200193Ia 4500
003 GCL
008 140319s9999 xx 000 0 eng d
040 _aGCL /
_cGCL
082 0 4 _a621.3981
_bH M
100 1 _aHEATH, STEVE
245 1 0 _aMULTIMEDIA AND COMMUNICATIONS TECHNOLOGY /
_cHEATH, STEVE
260 _a[S.N] :
_bFOCAL PRESS ،
_c1996
300 _a314 P
650 0 4 _aDIGITAL AUDIO
650 0 4 _aCOMMUNICATION
650 0 4 _aMULTIMEDIA
650 0 4 _aCD - ROM
942 _2ddc
_cBK
999 _c13466
_d13466